• 首页
  • 本馆介绍
  • 公告通知
  • 最新文献
  • 馆藏检索
  • 电子资源
  • 读者导购
  • 参考咨询
  • 我的图书馆
  • 登录
  • 详细信息显示
  • 放入我的书架
  • 预约/预借图书
  • 作者相关作品
  • 分类相关作品
  • 丛书相关作品
  • 出版社相关作品

书目信息

  • 表格格式
  • 工作单格式
  • 卡片格式
题名:
汽车发动机的润滑
    
 
作者: 古滨庄一 著 ;徐志伟 译
分册:  
出版信息: 北京   人民交通出版社  1979
页数: 395页
开本: 19cm
丛书名:
单 册:
中图分类: U464.137
科图分类:
主题词: 润滑-发动机-汽车 , 汽车-发动机-润滑 , 发动机-汽车-润滑
电子资源:
ISBN:
000 00735nam0 2200265 45
001 0179005160
005 20060726084550.53
010    @dCNY1.30
091    @a15044.4534
100    @a19950731d1979 em y0chiy0121 ea
101 1  @achi@cjpn
102    @aCN@b110000
105    @ay z 000yy
200 10 @a汽车发动机的润滑@Aqi che fa dong ji de run hua@f(日)古滨庄一著@g徐志伟译
210    @a北京@c人民交通出版社@d1979
215    @a395页@d19cm
300    @a国内发行
606    @a润滑-发动机-汽车
606    @a汽车-发动机-润滑
606    @a发动机-汽车-润滑
690    @aU464.137@v3
701  0 @a古滨庄一@Agu bin zhuang yi@4著
702  0 @a徐志伟@Axu zhi wei@4译
801  0 @aCN@bTSSF@c20060726
905    @a10447@dU464.137@e102
    
    汽车发动机的润滑/(日)古滨庄一著/徐志伟译.-北京:人民交通出版社,1979
    395页;19cm
    国内发行
    
    ISBN :CNY1.30
    
●
相关链接 在E读中查询图书 在五车中查询图书 在当当中查询图书 在豆瓣中查询图书


正题名:汽车发动机的润滑     索取号:U464.137/102         预约/预借

序号 登录号 条形码 馆藏地/架位号 状态 备注
1 0437628   204376282   密集书库/ [索取号:U464.137/102] 在馆    
2 0438513   204385138   密集书库/ [索取号:U464.137/102] 在馆    
唐山师范学院图书馆 欢迎您!
大连网信软件有限公司© 版权所有